000 00549cam a2200193 a 4500
005 20260504140443.0
020 _a9780814474754
041 _aENG
082 0 0 _a658.72
_bANK
100 1 _aAnklesaria, Jimmy.
245 1 0 _aSupply chain cost management /
_cJimmy Anklesaria.
260 _aNew York :
_bJAICO
_c2011
300 _axxiii, 230 p. ;
_c24 cm.
500 _aIncludes index.
650 0 _aIndustrial procurement
_xCost effectiveness.
650 0 _aIndustrial procurement
_xCost control.
650 0 _aBusiness logistics.
942 _2ddc
_cBK
999 _c24342
_d24342